| 000 | 00390 a2200109 4500 | ||
|---|---|---|---|
| 001 | ART_51794 | ||
| 005 | 20260410162044.0 | ||
| 008 | 260409a | ||
| 245 | 1 | 0 | _aLa nueva percepción de los impuestos a las ganancias y bienes personales por operaciones gravadas por el impuesto PAIS |
| 100 | 1 | _aCoronello, Silvina E. | |
| 773 | 0 |
_tImpuestos _g- N°86 (oct. 2020) _wREV45175 |
|
| 999 |
_c35169 _d35169 |
||